000 00303nam a22001337a 4500
008 170715b xxu||||| |||| 00| 0 eng d
020 _a0812212134
041 _aeng
080 _a2
100 _a24
101 _aANT
245 _aCHRISTIANITY AND PAGANISM , 350-750
_cHILLGARTH,J.N
942 _2udc
_cBK
999 _c21175
_d21175